00499nam a2200157 a 450000100100000000500170001000800410002704000250006808200150009324500370010826000360014530000210018104900090020295201130021199900170032400002634920200930024522.0110314s1982 dr 000 0 spa d aDO-SdBNPbspacBNPHU axxxbC357o00aCatálogo de obras dominicanas. aSanto Domingo :bTaller,c1982. a100 p. ;c20 cm. aBNPD 0010718PDaPDbPDcCTd2011-03-14iLF1l0oxxx C357op26349-10r2020-06-25w2020-06-25yLFPDZNo se presta c25841d25841